Halifax house price index (Record no. 114617)

MARC details
000 -LEADER
fixed length control field 00852cad a22002055a 4500
001 - CONTROL NUMBER
control field L157131
008 - FIXED-LENGTH DATA ELEMENTS--GENERAL INFORMATION
fixed length control field 120907s20120907xxk f 000 0 eng d
035 ## - SYSTEM CONTROL NUMBER
System control number (Sirsi) u157131
041 0# - LANGUAGE CODE
Language code of text/sound track or separate title eng
050 04 - LIBRARY OF CONGRESS CALL NUMBER
Classification number 333.33 $2 18
110 2# - MAIN ENTRY--CORPORATE NAME
Corporate name or jurisdiction name as entry element Lloyds Banking Group
9 (RLIN) 5822
245 00 - TITLE STATEMENT
Title Halifax house price index
Remainder of title August2012
Medium [electronic resource]
260 ## - PUBLICATION, DISTRIBUTION, ETC.
Place of publication, distribution, etc. London
Name of publisher, distributor, etc. Lloyds Banking Group
Date of publication, distribution, etc. 2012
520 ## - SUMMARY, ETC.
Summary, etc. UK house prices fell by 0.4% in August 2012, a 0.9% decrease since August 2011. Predicts that house prices will remain flat for the rest of 2012.
590 ## - LOCAL NOTE (RLIN)
Local note KA
651 #4 - SUBJECT ADDED ENTRY--GEOGRAPHIC NAME
Geographic name United Kingdom
690 ## - LOCAL SUBJECT ADDED ENTRY--TOPICAL TERM (OCLC, RLIN)
Topical term or geographic name as entry element Residential property
9 (RLIN) 6266
856 40 - ELECTRONIC LOCATION AND ACCESS
Uniform Resource Identifier <a href="http://web.archive.org/web/20160328112102/http://www.lloydsbankinggroup.com/globalassets/documents/media/press-releases/halifax/2012/0609_hpi.pdf">http://web.archive.org/web/20160328112102/http://www.lloydsbankinggroup.com/globalassets/documents/media/press-releases/halifax/2012/0609_hpi.pdf</a>
Public note available on the web archive
942 ## - ADDED ENTRY ELEMENTS (KOHA)
Suppress in OPAC 0
Source of classification or shelving scheme Dewey Decimal Classification
Holdings
Withdrawn status Lost status Source of classification or shelving scheme Damaged status Not for loan Home library Current library Shelving location Date acquired Total Checkouts Full call number Barcode Date last seen Copy number Price effective from Koha item type
    Dewey Decimal Classification     Virtual Virtual Online 07/09/2012   ONLINE PUBLICATION 157131-2001 06/08/2019 1 06/08/2019 Book